| 000 | 00642nam a22002171a 4500 | ||
|---|---|---|---|
| 001 | 17536 | ||
| 003 | BD-RjUL | ||
| 005 | 20211209000145.0 | ||
| 008 | 180731s1967 us 000 0beng d | ||
| 035 | _a(BD-RjUL)17594 | ||
| 040 |
_aBD-RjUL _cBD-RjUL _dBD-RjUL _dBD-RjUL _beng |
||
| 041 | _aeng | ||
| 082 |
_a015.73 _bDVV 1967 _223 |
||
| 110 |
_aD. van Nostrand Company _9222016 |
||
| 245 |
_avan Nostrand Books, 1967 / _cD. van Nostrand Company |
||
| 260 |
_aLondon : _bvan Nostrand, _c1967. |
||
| 300 |
_a[6], 292 p. ; _c21 cm. |
||
| 500 | _a"Publishers Since 1848" | ||
| 650 |
_aPublishers catalogue _zUSA _y1967 _9222017 |
||
| 942 |
_2ddc _cREF |
||
| 999 |
_c17536 _d17536 |
||